000 00517nam a2200217Ia 4500
003 OSt
005 20140314085508.0
008 140130s9999 xx 000 0 und d
020 _a9780439551892
050 _aPZ 7
_b.L5215Cat 2006
100 _aLe Guin, Ursula K.
245 _aCatwings /
_cUrsula K. Le Guin.
260 _bScholastic,
_c2006.
_aNew York :
300 _a47 p. :
_bill. ;
_c17 cm.
440 _v1
521 _aG5
526 _c700
942 _cBK
_2lcc
999 _c41001
_d41001